| 000 | 01437nam0a2200361 i 4500 | ||
|---|---|---|---|
| 001 | RU\NLR\BIBL_A\010774358 | ||
| 005 | 20260409071107.0 | ||
| 010 |
_a9785990629707 _91500 |
||
| 021 |
_aRU _b2015-30662 _91822 |
||
| 035 | _a(NILC)RuMoRGB-007917719 | ||
| 035 | _a(NLR Aleph) 010774358 | ||
| 090 |
_a10035772 _c10035772 |
||
| 100 | _a20150602d2015 um y0rusy50 ca | ||
| 101 | 0 |
_arus _aben |
|
| 102 | _aRU | ||
| 105 | _ac z 000gy | ||
| 200 | 1 |
_aШаранагати _e[сборник песен] _fБхактивинода Тхакур _g[лит. пер.: Бхакти Вигьяна Госвами] |
|
| 210 |
_aМосква _cГосвами Букс _d2015 |
||
| 215 |
_a239 с. _cпортр. _d21 |
||
| 300 | _aТекст песен парал. на бенгальском и рус. яз. | ||
| 600 | 1 |
_aТхакур _bБ. _f1838 - 1914 _gБхактивинода _92222867 _3RU\NLR\AUTH\661334649 |
|
| 606 |
_aКришнаизм _3RU\NLR\AUTH\66487468 _91203333 |
||
| 610 | 0 | _aвайшнавизм | |
| 610 | 0 | _aвайшнавы | |
| 686 | 2 | _aЭ331.8 | |
| 700 | 1 |
_8rus _7ca _aТхакур _bБ. _f1838-1914 _gБхактивинода _3RU\NLR\AUTH\7711599 _9121341 |
|
| 702 | 0 |
_4730 _7ca _8rus _aБхакти Вигьяна Госвами _f1956- _9150031 _3RU\NLR\AUTH\770150067 |
|
| 801 | 0 |
_aRU _bРГБ _c20150422 _gRCR |
|
| 942 | _cBOOK | ||
| 980 | _aNBR | ||